01471cam a22003974i 4500003000900000005001700009008004100026020001500067035002700082040003300109082001900142100003000161245012500191264003500316300005500351336002100406337002500427338002300452504002800475505039400503526001000897526001000907526001000917526001000927526000800937526000800945526000800953526000800961526000800969526000800977526000800985541001700993541001601010541001701026650003001043PE-LiUPU20250731173340.0150706s2004 sp a rb 000 0 spa d a0789913607 a(Sirsi) i9780789913609 aPE-LiUPUbspacPE-LiUPUerda04a254.1bW152211 aWagenveld, Juan ,eautor.10aSembremos iglesias saludables :bun acercamiento bíblico y práctico a la plantación de iglesias /cJuan Wagenveld. 1aMiami :bUNILIT ; FLET,c2004. a754 páginas :bilustraciones ;c22 centímetros atext2rdacontent aunmediated2rdamedia avolume2rdacarrier aIncluye bibliografía.0 a¿Qué quiere decir "plantar una iglesia"? -- ¿Por qué sembrar iglesias saludables? -- ¿Cuál es el contexto de la plantación de iglesias? -- ¿Quién debe plantar iglesias? -- ¿Qué persigo al establecer una nueva obra? -- ¿Qué persigo al establecer una nueva obra? -- ¿Qué debo hacer para sembrar una iglesia? -- ¿Hay otra manera de plantar una iglesia? -- Antología. aSEG42 aSEG41 aSEG40 aSEG39 aP94 aP87 aP86 aP85 aP77 aP76 aP35 g001-0000515; g0010000548; g001-0020922;04aIglesiasxOrganización.